|
|
|
|
| LEADER |
00000cam a2200000 7i4500 |
| 001 |
0000015835 |
| 005 |
20150409.0 |
| 008 |
140408 |
| 020 |
|
|
|a 9839457489
|
| 082 |
1 |
|
|a HIS
|b MAL
|
| 090 |
0 |
0 |
|a 959.508621
|b KHA
|
| 100 |
1 |
|
|a Khan, Ghulam Jie M.
|
| 245 |
1 |
0 |
|a Raja Melayu, kerabat & pembesar :
|b 707 kisah dan fakta,edisi satu
|c By Ghulam Jie M.Khan
|
| 246 |
1 |
|
|a Raja Melayu,kerabat dan pembesar
|
| 250 |
|
|
|a Cetakan kedua(edisi kemaskini)
|
| 260 |
|
|
|a Negeri Sembilan :
|b Ainna's Publications ,
|c 2006
|
| 650 |
|
0 |
|a Malays
|x Kings and rulers
|x History
|
| 651 |
|
0 |
|a Malaysia
|x Kings and rulers
|
| 999 |
|
|
|a 0001024751
|b Book
|c REFERENCE
|e Cawangan Mersing
|
| 999 |
|
|
|a 0001024753
|b Book
|c REFERENCE
|e Perbadanan Perpustakaan Awam Johor
|
| 999 |
|
|
|a 0001029730
|b Book
|c Adult Collection
|e Cawangan Urban Transformation Centre
|
| 999 |
|
|
|a 0001152111
|b Book
|c Adult Collection
|e Cawangan Pontian
|
| 999 |
|
|
|a 0001152112
|b Book
|c REFERENCE
|e Cawangan Tangkak
|
| 999 |
|
|
|a 0001152113
|b Book
|c Adult Collection
|e Cawangan Bukit Gambir
|
| 999 |
|
|
|a 0001152114
|b Book
|c Children Collection
|e Cawangan Taman Universiti
|
| 999 |
|
|
|a 0001152115
|b Book
|c REFERENCE
|e Cawangan Bandar Tenggara
|
| 999 |
|
|
|a 0001152116
|b Book
|c REFERENCE
|e Cawangan Segamat
|
| 999 |
|
|
|a 0001152117
|b Book
|c Children Collection
|e Cawangan Taman Universiti
|
| 999 |
|
|
|a 0001152118
|b Book
|c REFERENCE
|e Cawangan Tmn. Ungku Tun Aminah
|
| 999 |
|
|
|a 0001152120
|b Book
|c REFERENCE
|e Cawangan Bandar Tenggara
|
| 999 |
|
|
|a 0001152121
|b Book
|c Adult Collection
|e Cawangan Taman Sri Lambak
|
| 999 |
|
|
|a 0001152127
|b Book
|c REFERENCE
|e Cawangan Mersing
|
| 999 |
|
|
|a 0001152128
|b Book
|c Adult Collection
|e Cawangan Bukit Gambir
|
| 999 |
|
|
|a 0001152129
|b Book
|c REFERENCE
|e Cawangan Tangkak
|